|
|
|
|
| LEADER |
01204nam a22003258a 4500 |
| 001 |
29081 |
| 003 |
BD-DhAAL |
| 005 |
20150328124421.0 |
| 008 |
150328s2011 enk b 001 0deng |
| 010 |
|
|
|a 2010048665
|
| 020 |
|
|
|a 9781849713290 (hbk.)
|
| 020 |
|
|
|a 9781849713306 (pbk.)
|
| 040 |
|
|
|a DLC
|c DLC
|d BD-DhAAL
|
| 043 |
|
|
|a d------
|
| 050 |
0 |
0 |
|a HN981.C6
|b .R45 2011
|
| 082 |
0 |
0 |
|a 307.1412092
|2 22
|
| 245 |
0 |
0 |
|a Revolutionizing development :
|b reflections on the work of Robert Chambers /
|c edited by Andrea Cornwall and Ian Scoones.
|
| 260 |
|
|
|a London ;
|a Washington, DC :
|b Earthscan,
|c 2011.
|
| 263 |
|
|
|a 1104
|
| 300 |
|
|
|a xxii, 313 p. :
|b ill. ;
|c 20 cm.
|
| 504 |
|
|
|a Includes bibliographical references and index.
|
| 541 |
|
|
|e 29081
|
| 600 |
1 |
0 |
|a Chambers, Robert,
|d 1932-
|9 10152
|
| 650 |
|
0 |
|a Rural development
|z Developing countries.
|9 5923
|
| 650 |
|
0 |
|a Economic development
|z Developing countries.
|9 10153
|
| 700 |
1 |
|
|a Cornwall, Andrea,
|d 1963-
|9 10154
|
| 700 |
1 |
|
|a Scoones, Ian.
|9 10155
|
| 942 |
|
|
|2 ddc
|c BK
|
| 999 |
|
|
|c 34169
|d 34169
|
| 952 |
|
|
|0 0
|1 0
|2 ddc
|4 0
|6 307_141209200000000_REV
|7 0
|9 53316
|a BRACUL
|b BRACUL
|c GEN
|d 2015-03-28
|l 0
|o 307.1412092 REV
|p 3010029081
|r 2015-03-28
|t 1
|w 2015-03-28
|y BK
|